KOHA-Header-6

Management Information Systems (Managing the Digital Firm) (Record no. 348)

000 -LEADER
fixed length control field 00346nam a2200121Ia 4500
008 - FIXED-LENGTH DATA ELEMENTS--GENERAL INFORMATION
fixed length control field 190722s9999 xx 000 0 und d
020 ## - INTERNATIONAL STANDARD BOOK NUMBER
International Standard Book Number 978-93-325-4890-9
100 ## - MAIN ENTRY--PERSONAL NAME
Personal name Laudon, Loudon
245 #0 - TITLE STATEMENT
Title Management Information Systems (Managing the Digital Firm)
260 ## - PUBLICATION, DISTRIBUTION, ETC. (IMPRINT)
Place of publication, distribution, etc India
Name of publisher, distributor, etc Pearson India Education Services
Date of publication, distribution, etc 2016
300 ## - PHYSICAL DESCRIPTION
Extent 688
942 ## - ADDED ENTRY ELEMENTS (KOHA)
Koha item type Books
Holdings
Withdrawn status Lost status Source of classification or shelving scheme Damaged status Not for loan Collection code Permanent Location Current Location Shelving location Date acquired Total Checkouts Full call number Barcode Date last seen Date checked out Price effective from Koha item type
          Management MAJU MAJU   2019-07-22 1 658.4038 6974 2022-09-22 2022-09-10 2019-07-22 Management

Powered by Koha